00984nam a2200265 i 450000100060000000300090000600500170001500800390003201500170007104000350008804100130012308000070013610000260014324501080016924600470027726000560032430000330038038000170041350400360043065000240046670000390049070000490052971000420057885600980062012256KOSZ 00520200630132826.0080704s1961 pl a f 001 0 pol aPB 1961/6926 aWA NcKOSZ 005/RWdKOSZ 005/RW1 apolheng a531 aWooster, W. A.eAutor10aDoświadczalna fizyka kryształów /cW. A. Wooster ; [tł. Janusz Leciejewicz i Stanisław Szarras].1 iTyt. oryg.:aExperimental crystal physics. aWarszawa :bPaństwowe Wydawnictwo Naukowe,c1961. a162, [2] s. :bil. ;c20 cm. aKsiążki. aBibliogr. s. [156]-157. Indeks. 4aKryształyxfizyka.1 aSzarras, Stanisław.eTłumaczenie1 aLeciejewicz, Januszd(1928- ).eTłumaczenie2 aPaństwowe Wydawnictwo Naukowe4pbl. uhttp://koha.tu.koszalin.pl/cgi-bin/koha/opac-detail.pl?biblionumber=12256yKatalog online BPK